1022 1760 1783 1423 1146 1084 1157 1724 1815 1063 1284 1637 1738 1392 1879 1868 1744 1879 1546 1499 1407 1106 1587 1809 1957 1481 1788 1633 1654 1149 1398 1433 1644 1669 1613 1882 1751 1585 1820 1741 1265 1016 1339 1579 1674 1525 1746 1214 1270 1580 1050 1903 1451 1140 1881 1046 1102 1199 1712 1434 1506 1458 1918 1642 1555 1070 1683 1407 1460 1405 1427 1487 1514 1971 1465 1612 1363 1223 1743 1469 1086 1903 1512 1904 1857 1313 1760 1813 1487 1500 1187 1924 1182 1832 1012 1222 1840 1868 1435 BCNSPRNW ULIB Ver.6.0+V

เปลี่ยนเป็นภาษาไทย

Change to English
 แสดงรายละเอียดบรรณานุกรม
  กลับหน้าหลัก

Brief Record : Get Marc (ISO 2709) : E-mail record : QR code < ปิดหน้าต่าง
LEADER : 00000nam 2200000uu 4500
001    13399114353
003     ULIB
008    120323s2007||||th 000 0 eng d
020    9780521682015
050  4 PE116.M4 ^bG558p
100 0  Eric H. Glendinning and Ron Howard
245 00 Professional English in use/^cEric H. Glendinning and Ron Howard
260    Cambridge:^bCambridge university press,^c2007
300    175 :^bill,^c 27 cm
650  0 English^xUse
700 0  Ron Howard
945    ^p649^l0^i18921
945    ^p649^l0^i18922
945    ^p649^l0^i18923
945    ^p649^l0^i18924
945    ^p649^l0^i18925
995    Kesorn
999 ^a ใช้งานได้ทุกระบบ
รายการนี้ยังไม่มีแท็ก
คุณยังไม่ได้ล็อกอิน คุณสามารถมีกิจกรรมร่วมกับเว็บไซต์ได้ แต่ต้องล็อกอินก่อน ::
  ล็อกอิน

รายการสื่อสารสนเทศ

ลำดับที่ ประเภท เลขเรียก/บาร์โค้ด สถานที่ สถานะ
- ไม่พบข้อมูล -

รายการใกล้เคียง
    ผู้แต่ง [Eric H. Glendinning and Ron Howard]

BibComment


ยังไม่เคยถูกคอมเมนท์

คอมเมนท์ทรัพยากรรายการนี้
  คอมเมนท์: Professional Engl..


 Copyright 2026. Bcnsprnw @Library